[Event "The Return of Better Luck Next T"]
[Site "http://www.queenalice.com/game.php?id=1020759"]
[Date "2012.1.30"]
[Round "-"]
[White "CzechMate"]
[Black "Undecided"]
[Result "0-1"]
[WhiteElo "1100"]
[BlackElo "1702"]

1. e4 Nf6 2. Nc3 Nc6 3. Nf3 d6 4. d4 e6 5. d5 Na5 6. Bb5+ Bd7 7. dxe6 fxe6 8. e5
Ng4 9. Bg5 Be7 10. h4 O-O 11. exd6 Bf6 12. Nd2 cxd6 13. Qxg4 Qc7 14. Nde4 Bxg5
15. hxg5 Nc6 16. g6 h6 17. O-O-O d5 18. Nc5 Rae8 19. Nxd5 exd5 20. Qxd7 Qxd7 21.
Nxd7 Rxf2 22. Rdf1 Rxg2 23. Rxh6 gxh6 24. Nf6+ Kf8 25. Nxd5+ Kg7 26. Nc7 Re7 27.
Nd5 Re5 28. Nf4 Rh2 29. b3 Rxb5 30. a4 Re5 31. Nd3 Ree2 32. Kb2 Rxc2+ 33. Kb1
Kxg6 34. b4 Nd4 35. Ne5+ Kh5 36. Nd3 Nb3 37. Nc5 Rb2# 0-1

[Event "The George Best Cup"]
[Site "http://www.queenalice.com/game.php?id=1035141"]
[Date "2012.3.2"]
[Round "-"]
[White "CzechMate"]
[Black "Horse"]
[Result "1-0"]
[WhiteElo "1100"]
[BlackElo "1600"]

1. e4 d5 2. Nc3 Nf6 3. d3 d4 4. Nd5 c6 5. Nb4 Qa5 6. Qd2 e5 7. Nf3 Bxb4 8. c3
Bd6 9. a3 O-O 10. cxd4 Qxd2+ 11. Bxd2 exd4 12. Nxd4 Be5 13. Nf5 Bxf5 14. exf5
Bxb2 15. Ra2 Re8+ 16. Be3 Bc3+ 17. Kd1 Nbd7 18. Rg1 Ng4 19. Re2 Ndf6 20. h3 Ne5
21. Rc2 Ba1 22. d4 Ned7 23. Bc4 b5 24. Bb3 Rac8 25. Kd2 c5 26. Rxa1 Ne4+ 27. Kd3
h6 28. f6 Ndxf6 29. f3 a6 30. a4 b4 31. Rxc5 Nd6 32. g4 Nfe4 33. fxe4 Rxe4 34.
Rac1 Rce8 35. Re5 R4xe5 36. dxe5 Rxe5 37. Rc6 Ne4 38. Rxa6 Re8 39. Ra7 Nd6 40.
Bf4 Rd8 41. Bd2 Rb8 42. g5 hxg5 43. Bxg5 Kh7 44. Bf4 Rd8 45. Ra5 f6 46. Rh5+ Kg6
47. Rd5 Nb7 48. Kc4 Rh8 49. Kxb4 Rh4 50. Bc2+ f5 51. Rd4 Rh8 52. a5 Rb8 53. Bxb8
Kg5 54. Rf4 Nd8 55. Rxf5+ Kh4 56. a6 Nc6+ 57. Kb5 Nxb8 58. a7 Nd7 59. a8=Q Kxh3
60. Qf3+ Kh4 61. Rh5# 1-0

[Event "It's a game of gwyddbwyll."]
[Site "http://www.queenalice.com/game.php?id=1038723"]
[Date "2012.3.13"]
[Round "-"]
[White "Undecided"]
[Black "CzechMate"]
[Result "1-0"]
[WhiteElo "1733"]
[BlackElo "1100"]

1. Nc3 e5 2. Nf3 Nc6 3. e3 Nf6 4. Bc4 d5 5. Bb5 Ne4 6. Na4 a6 7. Bd3 b5 8. Nc3
b4 9. Na4 d4 10. Bxe4 Bd7 11. Bd5 Ne7 12. Nxe5 Nxd5 13. Qf3 Nf6 14. b3 d3 15.
cxd3 Rb8 16. d4 g5 17. Qe2 Ne4 18. Qxa6 Qf6 19. Qe2 Qxf2+ 20. Qxf2 Nxf2 21. Kxf2
f6 22. Nc4 Rb5 23. Bb2 Rf5+ 24. Ke2 Bc6 25. Rhf1 Rd5 26. e4 Rd7 27. Nc5 Bxc5 28.
dxc5 Bxe4 29. Bxf6 Bd3+ 30. Ke1 Rf8 31. Rf3 g4 32. Re3+ Kf7 33. Ne5+ Kxf6 34.
Nxd7+ Kg7 35. Nxf8 Bf5 36. Re8 h5 37. Rc1 Kf7 38. Rb8 Be4 39. g3 1-0

[Event "The Borneo Fight Back"]
[Site "http://www.queenalice.com/game.php?id=1054066"]
[Date "2012.4.29"]
[Round "-"]
[White "CzechMate"]
[Black "Undecided"]
[Result "0-1"]
[WhiteElo "1100"]
[BlackElo "1756"]

1. e4 Nc6 2. Bc4 Nh6 3. Qh5 Nd4 4. Na3 e6 5. Nf3 Qf6 6. Nb5 Nxb5 7. Bxb5 Qg6 8.
Qg5 Qxe4+ 9. Kd1 Ng4 10. d3 Nxf2+ 11. Kd2 Qd5 12. Bc4 Qf5 13. Re1 g6 14. h3 Bd6
15. Ke2 Bc5 16. Be3 Nxh3 17. gxh3 Bxe3 18. Qxe3 Qxh3 19. Ng5 Qg2+ 20. Kd1 O-O
21. Qg1 Qc6 22. Rf1 f6 23. Ne4 f5 24. Ng5 Kg7 25. Qh2 h6 26. Nf3 d6 27. Qg2 e5
28. Rg1 Rf6 29. Qh3 f4 30. Qh5 Be6 31. Kd2 Bxc4 32. dxc4 Qxc4 33. Nh4 Qd4+ 34.
Ke2 Qe4+ 35. Kf1 Qxc2 36. Rg2 Qd3+ 37. Kg1 f3 38. Rg3 f2+ 39. Kh2 Qxg3+ 40. Kxg3
gxh5 41. Rf1 Raf8 42. Ng2 e4 43. Ne3 Rf3+ 44. Kh4 Rxe3 45. b4 Rf4+ 46. Kxh5 Rh3#
0-1

[Event "Cat-Man don't"]
[Site "http://www.queenalice.com/game.php?id=1068106"]
[Date "2012.6.4"]
[Round "-"]
[White "Undecided"]
[Black "CzechMate"]
[Result "1-0"]
[WhiteElo "1758"]
[BlackElo "1100"]

1. Nc3 e5 2. Nf3 Qf6 3. Nd5 Qc6 4. Nc3 Na6 5. Nxe5 Qf6 6. Ng4 Qh4 7. Ne5 Nf6 8.
e3 d5 9. Nb5 Ne4 10. Qf3 Be6 11. d3 f6 12. dxe4 fxe5 13. exd5 e4 14. Qf4 g5 15.
Qf6 Qg4 16. Qxh8 O-O-O 17. Qxh7 Rxd5 18. Be2 Qxg2 19. Rf1 Nb4 20. Qxc7# 1-0

[Event "Army Tactics"]
[Site "http://www.queenalice.com/game.php?id=1077183"]
[Date "2012.6.28"]
[Round "-"]
[White "Undecided"]
[Black "CzechMate"]
[Result "1-0"]
[WhiteElo "1760"]
[BlackElo "1100"]

1. e3 Nf6 2. Na3 Nc6 3. Nh3 e5 4. Bc4 d5 5. Bb5 d4 6. exd4 exd4 7. O-O a6 8.
Re1+ Be6 9. Ba4 Qd6 10. c3 Ng4 11. Qxg4 dxc3 12. dxc3 O-O-O 13. Qe4 Bd5 14. Qe2
Qg6 15. Nf4 Qe4 16. Qd1 Qf5 17. Bc2 Qg5 18. Bd3 Bd6 19. Nxd5 Qxd5 20. Qg4+ Rd7
21. Qxg7 Qxd3 22. Qxh8+ Rd8 23. Qg7 Be5 24. Qxf7 Qd7 25. Qf3 Rg8 26. Rd1 Qg7 27.
Qh3+ Kb8 28. Rd7 Ne7 29. Be3 b6 30. Re1 Bf6 31. Bf4 Bg5 32. Bxc7+ Kc8 33. Rdxe7+
Kb7 34. Qf3+ Kc8 35. Qa8# 1-0

[Event "Jungle Fever"]
[Site "http://www.queenalice.com/game.php?id=1102271"]
[Date "2012.9.12"]
[Round "-"]
[White "Undecided"]
[Black "CzechMate"]
[Result "1-0"]
[WhiteElo "1772"]
[BlackElo "1100"]

1. e3 h5 2. Na3 g6 3. Nf3 Nf6 4. Ng5 Bh6 5. Nh3 e6 6. b3 Ne4 7. Bb2 O-O 8. Qf3
Qh4 9. d3 Ng5 10. Qd1 Bg7 11. Rb1 Nc6 12. Nb5 Qb4+ 13. Nc3 Bxc3+ 14. Bxc3 Qxc3+
15. Qd2 Qb4 16. Nxg5 Qa3 17. Ra1 Qb2 18. Qc1 Qc3+ 19. Kd1 d5 20. g3 e5 21. Rb1
Bg4+ 22. Be2 f6 23. Nf3 e4 24. dxe4 dxe4 25. Qd2 Rad8 26. Nd4 Rxd4 27. exd4 Qxd4
28. Kc1 Rd8 29. Qe1 e3 30. Bc4+ Kf8 31. fxe3 Qe4 32. Rf1 Bf5 33. Qc3 Rd6 34. a4
Qg2 35. Rd1 Nb4 36. Ra1 c6 37. Rxd6 Qxc2+ 38. Qxc2 Nxc2 39. Ra2 Nxe3 40. Be6 Ke7
41. Rd7+ Kxe6 42. Rxb7 c5 43. Re2 Be4 44. Rxa7 Bd5 45. Rxe3+ Kd6 46. Ra6+ Bc6
47. Kc2 f5 48. Re8 Kc7 49. Re6 Be4+ 50. Kc3 f4 51. Rxe4 fxg3 52. hxg3 Kb7 53.
Rxg6 h4 54. Re7+ Kb8 55. Rg8# 1-0

[Event "Party Invitation"]
[Site "http://www.queenalice.com/game.php?id=1141936"]
[Date "2013.1.18"]
[Round "-"]
[White "Undecided"]
[Black "CzechMate"]
[Result "1-0"]
[WhiteElo "1785"]
[BlackElo "1100"]

1. e4 e5 2. Qh5 g6 3. Qxe5+ Qe7 4. Qxh8 Nf6 5. d3 Ng4 6. Nf3 Qc5 7. Be3 Qxc2 8.
Na3 Qa4 9. Rc1 f6 10. Rxc7 Qa5+ 11. Rc3 Kf7 12. Bf4 g5 13. Qxh7+ Ke6 14. Nd4#
1-0

[Event "The Dirty Dozen"]
[Site "http://www.queenalice.com/game.php?id=1147436"]
[Date "2013.1.31"]
[Round "-"]
[White "CzechMate"]
[Black "Undecided"]
[Result "0-1"]
[WhiteElo "1100"]
[BlackElo "1795"]

1. e4 d6 2. Nf3 c6 3. Bc4 Nh6 4. O-O Bg4 5. h3 Bh5 6. g4 Bg6 7. Ng5 Qb6 8. Qf3
Nd7 9. Nc3 Ne5 10. Qe2 a5 11. Qe3 Nxc4 12. Qf3 Rd8 13. d3 Ne5 14. Qf4 Qb4 15.
Bd2 Qxb2 16. Rfc1 c5 17. Rab1 Qa3 18. Rb3 Qb4 19. Rxb4 axb4 20. Nd5 Rc8 21. c3
Nxd3 22. Qg3 Nxc1 23. Bxc1 e6 24. Nf4 Be7 25. h4 Ra8 26. cxb4 c4 27. Qc3 O-O 28.
Qxc4 Rfc8 29. Qf1 Nxg4 30. h5 Bxg5 31. hxg6 hxg6 32. f3 Ne5 33. Ne2 Bxc1 34.
Nxc1 Rc3 35. Ne2 Nxf3+ 36. Kg2 Rxa2 37. Qd1 b5 38. Kg3 Re3 39. Qxd6 Raxe2 40.
Qd8+ Kh7 41. Kf4 e5+ 42. Kg3 Nd4+ 43. Kh4 Rh2+ 44. Kg4 f5+ 45. Kg5 Rg3# 0-1

[Event "Bakerman"]
[Site "http://www.queenalice.com/game.php?id=1178079"]
[Date "2013.5.3"]
[Round "-"]
[White "Undecided"]
[Black "CzechMate"]
[Result "1-0"]
[WhiteElo "1805"]
[BlackElo "1100"]

1. c3 Nc6 2. e3 e5 3. Nh3 d5 4. b4 d4 5. b5 Na5 6. e4 Qh4 7. d3 Bg4 8. Be2 Nf6
9. b6 axb6 10. cxd4 Bb4+ 11. Bd2 Nc6 12. dxe5 Nxe5 13. Bxb4 O-O-O 14. Na3 Rxd3
15. Qa4 Kb8 16. Bxd3 Nxd3+ 17. Kf1 Bxh3 18. Be1 Qxe4 19. Qxe4 Nxe4 20. gxh3 Re8
21. Rd1 Nec5 22. Rg1 Rd8 23. Rxg7 f5 24. Rxh7 c6 25. f3 b5 26. Ba5 Re8 27. Bb6
b4 28. Nc4 b3 29. axb3 Kc8 30. Nd6+ Kb8 31. Nxe8 Nb2 32. Rd8# 1-0

[Event "Subterfuge"]
[Site "http://www.queenalice.com/game.php?id=1192302"]
[Date "2013.6.19"]
[Round "-"]
[White "Undecided"]
[Black "CzechMate"]
[Result "1-0"]
[WhiteElo "1814"]
[BlackElo "1100"]

1. c3 Nf6 2. e3 d5 3. Nf3 Nc6 4. Qa4 a6 5. Bb5 Bd7 6. Be2 b5 7. Qc2 e6 8. b4 Bd6
9. a4 O-O 10. a5 h6 11. d4 Ng4 12. e4 f5 13. e5 Be7 14. h3 Nxf2 15. Kxf2 g5 16.
g4 fxg4 17. Qg6+ Kh8 18. Qxh6+ Kg8 19. Qg6+ Kh8 20. hxg4# 1-0

[Event "Two Dogs"]
[Site "http://www.queenalice.com/game.php?id=1201139"]
[Date "2013.7.19"]
[Round "-"]
[White "Undecided"]
[Black "CzechMate"]
[Result "1-0"]
[WhiteElo "1816"]
[BlackElo "1100"]

1. e3 Nc6 2. Nc3 e5 3. Bd3 Nf6 4. Nh3 Bd6 5. Na4 O-O 6. c3 b6 7. g3 a5 8. g4 Ba6
9. c4 Qe7 10. g5 Ne8 11. Bf5 Bxc4 12. b3 Bb5 13. Nc3 g6 14. Bg4 Bd3 15. Nd5 Qd8
16. a3 h5 17. Bf3 Bf5 18. Bg2 Bc5 19. Bb2 Bd3 20. Rc1 f5 21. f4 exf4 22. exf4
Nd4 23. Rc3 Be2 24. Qc1 Nd6 25. Nf6+ Rxf6 26. gxf6 Qxf6 27. Bxa8 c6 28. Ng5 Qf8
29. Bxc6 dxc6 30. Re3 Bg4 31. h3 Bf3 32. Nxf3 N6b5 33. Rg1 Nxf3+ 34. Rxf3 Bxg1
35. Qxc6 Qe7+ 36. Be5 Qh4+ 37. Ke2 Bc5 38. Qe8+ Bf8 39. Qxg6+ Bg7 40. Qxg7# 1-0